000 00536nam a2200181Ia 4500
003 IN-BaIIA
008 211028s9999 xx 000 0 eng d
020 _a978-0-12-356775-8
040 _cIIA Library
080 _a530.145
_bHOU
100 _aHouse, J. E.
_922304
245 0 _aFundamentals of quantum mechanics
_cJ. E. House
260 _aSan Diego
_bAcademic Press
_c1998
300 _axv, 279p.
650 _aQuantum mechanics
650 _aQuantum physics
_92816
942 _cBK
999 _c12740
_d12740